Les 20 plus gros transferts de Chelsea - Statistiques

Statistiques générales
  • Ce quiz a été pris 340 fois
  • Le résultat moyen est 14 sur 20
Statistiques - réponses
Club Transfert Club Joueur % Correct
Chelsea 115M Real Madrid Hazard
92%
Inter Milan 113M Chelsea Lukaku
92%
Brighton 116M Chelsea Caicedo
90%
Benfica 121M Chelsea Fernandez
89%
Bayer Leverkusen 80M Chelsea Havertz
87%
Chelsea 75M Arsenal Havertz
87%
Shaktar 70M Chelsea Mudryk
85%
Atletic Bilbao 80M Chelsea Kepa
80%
Manchester city 56.20M Chelsea Sterling
76%
Chelsea 64.20M Manchester united Mount
72%
RB Leipzig 60M Chelsea Nkunku
71%
Chelsea 60M SH SIPG Oscar
68%
Brighton 65.30M Chelsea Cucurella
66%
Leicester 80.40M Chelsea Fofana
60%
Dortmund 64M Chelsea Pulisic
57%
Real Madrid 66M Chelsea Morata
55%
Liverpool 58.50M Chelsea Torres
53%
Naples 57M Chelsea Jorginho
52%
Southampton 62.10M Chelsea Lavia
41%
Chelsea 60M Atletico Costa
39%
Aucun quiz correspondant
Distribution des résultats
% des personnes avec chaque résultat
Percentile par nombre de réponses
Votre historique - résultats
Vous n’avez pas pris ce quiz